|
|
|
|
| LEADER |
00000nab a2200000 a 4500 |
| 001 |
vtls000221905 |
| 003 |
SK-MaSNL |
| 005 |
20260304060422.0 |
| 008 |
250422c1985 xo 0 slo |
| 015 |
|
|
|a SNBRB19rr/mm-uuuuu
|
| 035 |
|
|
|a CL0232019
|
| 035 |
|
|
|a urn:nbn:sk:snk-ab27w1
|
| 035 |
|
|
|a (urnnbn)urn:nbn:sk:snk:ar-a01wms
|
| 035 |
|
|
|a (uuid)6dc443c4-ac65-4c42-ad0d-8beeb2f70ed6
|
| 040 |
|
|
|a SNKBUCL
|b slo
|c SNKBUCL
|e AACR2
|
| 041 |
0 |
|
|a slo
|
| 044 |
|
|
|a xo
|c SK
|
| 080 |
|
|
|a 1 100.582.3
|2 1981
|
| 100 |
1 |
|
|a Polláková, Eva
|4 aut
|9 449436
|
| 245 |
1 |
0 |
|a Teoretická konferencia Úlohy sociálneho rozvoja v rozvinutej socialistickej spoločnosti
|c Eva Polláková
|
| 650 |
0 |
7 |
|a spoločnosť socialistická rozvinutá
|2 snkbucl
|9 921587
|
| 655 |
|
7 |
|a články z novín a časopisov
|2 snkbucl
|9 267496
|
| 773 |
0 |
|
|t Sociológia
|g Roč. 17, č. 3 (1985), s. 329-333.
|
| 850 |
|
|
|a Slovenská národná knižnica
|
| 852 |
|
|
|a Slovenská národná knižnica
|
| 954 |
|
|
|a odborná, vedecká literatúra pôvodná (slovenská)
|2 lita
|
| 957 |
|
|
|a 5100
|
| 958 |
|
|
|a article27
|
| 958 |
|
|
|a RK
|
| 958 |
|
|
|a OND
|
| 958 |
|
|
|a EUIPO
|
| 992 |
|
|
|a RBX
|
| 999 |
|
|
|c 2728513
|d 2730443
|